History Quiz

Random History Quiz
Score 0/46 Timer 07:00
0 Plays Today
% Correct
Great Pyramid of Giza
88.3%
Colossus of Rhodes
83.3%
Lighthouse of Alexandria
78.3%
Hanging Gardens of Babylon
76.7%
Statue of Zeus at Olympia
75%
Great Wall of China
75%
Grand Canyon
70%
Christ the Redeemer
70%
Mausoleum at Halicarnassus
68.3%
Great Barrier Reef
66.7%
Machu Picchu
63.3%
Colosseum
61.7%
Temple of Artemis at Ephesus
60%
Panama Canal
60%
Mount Everest
60%
Aurora Borealis and Australis
58.3%
Stonehenge
56.7%
Hoover Dam
56.7%
Victoria Falls
56.7%
Taj Mahal
55%
Petra
53.3%
Hagia Sophia
51.7%
Amazon Rainforest
51.7%
% Correct
Chichen Itza
50%
Empire State Building
48.3%
Golden Gate Bridge
46.7%
Iguazu Falls
45%
Leaning Tower of Pisa
41.7%
Harbor of Rio de Janeiro
41.7%
CN Tower
40%
London Sewer System
38.3%
Channel Tunnel
31.7%
North Sea Protection Works
31.7%
Pacific Railroad
31.7%
Brooklyn Bridge
28.3%
Table Mountain
28.3%
Catacombs of Kom el Shoqafa
26.7%
Itaipu Dam
26.7%
Porcelain Tower of Nanjing
21.7%
ParĂ­cutin
21.7%
Komodo Island
21.7%
Puerto Princesa Underground River
21.7%
Jeju Island
20%
Ha Long Bay
20%
SS Great Eastern
18.3%
Bell Rock Lighthouse
15%
Remove Ads.
Support Sporcle.
Get the best of Sporcle when you Go Orange. This ad-free experience offers more features, more stats, and more fun while also helping to support Sporcle. Thank you for becoming a member.

You're not logged in!

Compare scores with friends on all Sporcle quizzes.
OR
Log In

Show Comments

Extras

Top Quizzes Today


Score Distribution

Your Account Isn't Verified!

In order to create a playlist on Sporcle, you need to verify the email address you used during registration. Go to your Sporcle Settings to finish the process.

Report this User

Report this user for behavior that violates our Community Guidelines.

Details: